The Regulatory Reform Order - catalyst for change or empty promise? (Record no. 74324)

MARC details
000 -LEADER
fixed length control field 00928cab a2200205 4500
001 - CONTROL NUMBER
control field ABS67623
008 - FIXED-LENGTH DATA ELEMENTS--GENERAL INFORMATION
fixed length control field 040330n2004 000 0 eng u
035 ## - SYSTEM CONTROL NUMBER
System control number (Sirsi) u125671
100 ## - MAIN ENTRY--PERSONAL NAME
Personal name Sweeney, S.
245 #4 - TITLE STATEMENT
Title The Regulatory Reform Order - catalyst for change or empty promise?
260 ## - PUBLICATION, DISTRIBUTION, ETC.
Date of publication, distribution, etc. 2004
490 ## - SERIES STATEMENT
Series statement Access by Design
Volume/sequential designation (98) Spring 2004, 25-27(3)
520 ## - SUMMARY, ETC.
Summary, etc. Considers the purpose and content of the Regulatory Reform (Housing Assistance) (England and Wales) Order 2002 (RRO) on housing renewal and examines its impact at ground level. It assesses the RRO recommendations against those contained in "Delivering adaptations", the ODPM's draft best practice guidance.
590 ## - LOCAL NOTE (RLIN)
Local note ABS
650 ## - SUBJECT ADDED ENTRY--TOPICAL TERM
Topical term or geographic name entry element REGULATORY REFORM ORDER 2002
650 ## - SUBJECT ADDED ENTRY--TOPICAL TERM
Topical term or geographic name entry element HOUSING RENEWAL SCHEMES
650 ## - SUBJECT ADDED ENTRY--TOPICAL TERM
Topical term or geographic name entry element MANAGEMENT-BUSINESS MANAGEMENT-DISCRIMINATION-DISABILITY DISCRIMINATION-ACCESSIBILITY
690 ## - LOCAL SUBJECT ADDED ENTRY--TOPICAL TERM (OCLC, RLIN)
Topical term or geographic name as entry element HOUSING
942 ## - ADDED ENTRY ELEMENTS (KOHA)
Suppress in OPAC 0
Holdings
Withdrawn status Lost status Source of classification or shelving scheme Damaged status Not for loan Home library Current library Shelving location Date acquired Total Checkouts Full call number Barcode Date last seen Copy number Price effective from Koha item type
    Dewey Decimal Classification     London London Journal article 30/03/2004   ABS67623 125671-1001 06/08/2019 1 06/08/2019 Journal article